000 00438cam a22001337a 4500
008 180718b1987 xxu||||| |||| 00| 0 eng d
082 _aA81x54 In2/81/2/Pt 8 A & B/1
100 _aCensus of India 1981
245 _aAndhra Pradesh: household tables
260 _aDelhi
_bController of Publications
_c1987
300 _a651+p.
440 _aCensus of India 1981. Series-2, Andhra Pradesh. Part-VIII A & B (i)
500 _aTable HH-1 to HH-4
999 _c481910
_d481910